[Event "10th European Teams w"]
[Site "Warsaw POL"]
[Date "2013.11.08"]
[Round "1.13"]
[White "Toma,K"]
[Black "Machlik,Monika"]
[Result "1-0"]
[WhiteElo "2282"]
[BlackElo "1936"]

1.Nf3 d5 2.g3 c6 3.Bg2 Nf6 4.O-O Bf5 5.d3 h6 6.Nbd2 e6 7.c4 Be7 8.b3 O-O
9.Bb2 Nbd7 10.Rc1 Rc8 11.Rc2 Bh7 12.Qa1 a5 13.Rfc1 Ra8 14.Ne5 Nxe5 15.Bxe5 Ne8
16.Bh3 Bf6 17.Nf3 Bxe5 18.Qxe5 Nf6 19.a3 Re8 20.Rb2 Qe7 21.c5 Rec8 22.Qc3 Ra7
23.b4 axb4 24.axb4 Rca8 25.b5 Ra3 26.Rb3 R3a5 27.bxc6 bxc6 28.Ne5 Qc7 29.Rcb1 R5a7
30.Rb6 Ra6 31.Rb7 Qc8 32.Nxf7 Ra3 33.Nxh6+ Kh8 34.Nf7+ Kg8 35.Qe5 Ra1 36.Bxe6 Qxb7
37.Rxa1 Rxa1+ 38.Qxa1 Kf8 39.Ng5 Bg6 40.Qe5  1-0

[Event "Texas Collegiate 2013"]
[Site "Houston USA"]
[Date "2013.11.09"]
[Round "3"]
[White "Aleskerov,F"]
[Black "Sadorra,J"]
[Result "0-1"]
[WhiteElo "2337"]
[BlackElo "2577"]

1.Nf3 d5 2.g3 Nf6 3.Bg2 e6 4.O-O Be7 5.b3 a5 6.c4 a4 7.Bb2 a3 8.Bc1 O-O 9.d4 b6
10.Ne1 Bd6 11.Nc2 Qe7 12.Nc3 c6 13.e4 Nxe4 14.Nxe4 dxe4 15.Bxe4 Bb7 16.Re1 Na6
17.Bd2 Nb4 18.Bc3 g6 19.Qd2 Nxc2 20.Bxc2 Rfd8 21.Rad1 b5 22.h4 bxc4 23.bxc4 Ba6
24.d5 cxd5 25.cxd5 e5 26.f4 Qa7+ 27.Kh1 exf4 28.gxf4 Rdc8 29.Be4 Qe7 30.Be5 Qxh4+
31.Qh2 Qxh2+ 32.Kxh2 Rd8 33.Rc1 Bb7 34.Red1 Ra4 35.Rb1 Bxe5 36.fxe5 Rxe4
37.Rxb7 Rxe5 38.Rf1 Rdxd5  0-1

[Event "TCh-SVK Ext 2013-14"]
[Site "Trencin SVK"]
[Date "2013.11.09"]
[Round "1.5"]
[White "Rachela,M"]
[Black "Tibensky,R"]
[Result "1/2-1/2"]
[WhiteElo "2371"]
[BlackElo "2396"]

1.Nf3 d5 2.g3 c6 3.Bg2 Bg4 4.O-O Nd7 5.c4 e6 6.b3 Ngf6 7.Bb2 Be7 8.d3 O-O
9.Nbd2 a5 10.a3 h6 11.Rc1 Bd6 12.h3 Bxf3 13.Nxf3 Qe7 14.Ra1 Ne8 15.cxd5 cxd5
16.Nd4 Bc5 17.e3 Nd6 18.Nc2 Rfc8 19.Kh2 Bb6 20.Rb1 Rc7 21.Qd2 Nc5 22.Ba1 Qd7
23.Rfd1 Rac8 24.Ne1 Ra8 25.e4 Nb5 26.a4 Na7 27.exd5 exd5 28.Nf3 Nc6 29.Ne5 Nxe5
30.Bxe5 Rc6 31.Qb2 Ne6 32.b4 axb4 33.Qxb4 Ra7 34.Rb2 f6 35.Bf4 Ba5 36.Qb5 Nxf4
37.gxf4 Rd6 38.Qxd7 Rxd7 39.Rb5 Bc7 40.Rxd5 Bxf4+ 41.Kg1 Rxd5 42.Bxd5+ Kh8
43.Re1 f5 44.Bb3 Bg5 45.d4 Kh7 46.Re8 Ra6 47.Kf1 Bf6 48.d5 Rb6 49.Bc2 Kg6
50.Rc8 Rb4 51.Rc7 b6 52.d6 Rd4 53.d7 Bd8 54.Rb7 Kf6 55.Bb3 Ke7 56.Kg2 g5
57.Bc2 Rxd7 58.Rxd7+ Kxd7 59.Bxf5+  1/2-1/2

[Event "Texas Collegiate 2013"]
[Site "Houston USA"]
[Date "2013.11.10"]
[Round "4"]
[White "Sadorra,J"]
[Black "Holt,C"]
[Result "1-0"]
[WhiteElo "2577"]
[BlackElo "2534"]

1.Nf3 d5 2.g3 Nf6 3.c4 c6 4.Bg2 dxc4 5.O-O Nbd7 6.Qc2 Nb6 7.Na3 Be6 8.Ne5 Qd4
9.Nxc6 bxc6 10.Bxc6+ Kd8 11.Nb5 Qc5 12.Bxa8 Bf5 13.Qc3 Qxb5 14.a4 Qd7 15.Bg2 Qc7
16.d3 cxd3 17.Qa5 dxe2 18.Re1 e5 19.Bg5 Nd7 20.Qb5 Bd6 21.Rac1 Qb8 22.Bb7 Ke7
23.Rxe2 Rd8 24.Rd2 Nb6 25.Bc6 Nd7 26.Bb7 h6 27.Rcd1 hxg5 28.Rxd6 Bc2 29.R1d2 Bxa4
30.Qb4 Ke8 31.b3 a5 32.Qxa5 Qxb7 33.Qxa4 Rb8 34.h4 g4 35.R6d3 Qb5 36.Qa7 Rc8
37.Rd1 e4 38.Rd6 Ne5 39.Qe3 Ke7 40.Kg2 Qb7 41.h5 Rc2 42.Rb6 Qa8 43.b4 Nfd7
44.Rbd6 f6 45.R6d5 Qa2 46.b5 Qb2 47.Qa7 Ke6 48.Rxd7 Qxb5 49.R7d6+ Kf5 50.Qxg7 Rxf2+
51.Kxf2 e3+ 52.Kg1 Ke4 53.Rxf6 Nf3+ 54.Rxf3 Kxf3 55.Qc7 Ke2 56.Qc2+ Kf3 57.Qg2+  1-0

[Event "TCh-SVK Ext 2013-14"]
[Site "Trencin SVK"]
[Date "2013.11.10"]
[Round "2.7"]
[White "Petran,Pe"]
[Black "Motycakova,M"]
[Result "1-0"]
[WhiteElo "2321"]
[BlackElo "2111"]

1.g3 d5 2.Nf3 c6 3.b3 Nf6 4.Bb2 Bg4 5.Bg2 Nbd7 6.d3 e6 7.Nbd2 Bd6 8.O-O O-O
9.h3 Bh5 10.g4 Bg6 11.Nh4 Qc7 12.e3 e5 13.Nxg6 fxg6 14.c4 Nc5 15.Qc2 Ne6
16.cxd5 cxd5 17.Qxc7 Bxc7 18.Rac1 Rac8 19.Nf3 Nd7 20.h4 Bd6 21.Ng5 Nxg5 22.hxg5 Nb6
23.a4 a5 24.Rc3 h6 25.gxh6 gxh6 26.d4 exd4 27.Rxc8 Rxc8 28.Bxd4 Bc5 29.Bc3 Ra8
30.Rd1  1-0

[Event "Chennai WGM 2013"]
[Site "Chennai IND"]
[Date "2013.11.11"]
[Round "8.1"]
[White "Gomes,Mary"]
[Black "Batsiashvili,N"]
[Result "1/2-1/2"]
[WhiteElo "2414"]
[BlackElo "2425"]

1.Nf3 d5 2.g3 Nf6 3.Bg2 c5 4.d3 Nc6 5.Nbd2 g6 6.c4 d4 7.O-O Bg7 8.a3 a5 9.Rb1 O-O
10.Ne1 Qc7 11.Nc2 a4 12.b4 axb3 13.Nxb3 Nd7 14.e3 dxe3 15.Bxe3 Qd6 16.d4 cxd4
17.Nbxd4 Nxd4 18.Bxd4 Bxd4 19.Qxd4 Qxd4 20.Nxd4 Ne5 21.Bxb7 Bxb7 22.Rxb7 Nxc4
23.Rxe7 Rxa3 24.Rfe1 Rfa8 25.Re8+ Rxe8  1/2-1/2

[Event "Chennai WGM 2013"]
[Site "Chennai IND"]
[Date "2013.11.12"]
[Round "9.4"]
[White "Vijayalakshmi,S"]
[Black "Muminova,N"]
[Result "1-0"]
[WhiteElo "2399"]
[BlackElo "2280"]

1.Nf3 d5 2.g3 Bg4 3.Bg2 Nd7 4.d4 c6 5.Nbd2 Ngf6 6.O-O e6 7.c4 Be7 8.Re1 O-O
9.b3 Bb4 10.Bb2 Bxf3 11.exf3 Qa5 12.Re2 Bc3 13.Qc2 Bxb2 14.Qxb2 dxc4 15.Nxc4 Qc7
16.f4 Rad8 17.a4 Nb6 18.Ne5 Qd6 19.a5 Nbd5 20.a6 b6 21.Rc2 Rc8 22.Rac1 Nb4
23.Qa3 c5 24.Qxb4 cxb4 25.Rxc8 g6 26.R8c7 Qxd4 27.Rxa7 Qb2 28.Rac7 Ne8 29.R7c2 Qa3
30.Nd7 Qxa6 31.Rc8 Kg7 32.Nxf8 Kxf8 33.Ra8 Qd3 34.Bc6 Qxb3 35.Bxe8 Kg7 36.Ra7 Qb2
37.Rxf7+ Kh6 38.Rcc7 Qb1+ 39.Kg2 Qe4+ 40.Kh3  1-0

[Event "10th European Teams w"]
[Site "Warsaw POL"]
[Date "2013.11.12"]
[Round "5.16"]
[White "Rautanen,S"]
[Black "Grigoryan,Meri"]
[Result "1/2-1/2"]
[WhiteElo "1956"]
[BlackElo "2039"]

1.Nf3 d5 2.g3 e6 3.Bg2 Bd6 4.O-O f5 5.d3 Nf6 6.Nbd2 Nbd7 7.e4 O-O 8.exf5 exf5
9.Nd4 Ne5 10.N2f3 Ng6 11.Ng5 Re8 12.Re1 c6 13.c3 h6 14.Ngf3 f4 15.Bd2 Bg4
16.Qb3 Qc7 17.c4 h5 18.cxd5 Nxd5 19.Ng5 Ne7 20.Nb5 Qd7 21.Nxd6 Qxd6 22.Bxf4 Qb4
23.Qxb4 Nxb4 24.h3 Bf5 25.Be4 Nxd3 26.Bxd3 Bxd3 27.Rad1 Bf5 28.Re5 Kf8 29.Rde1 Rad8
30.Be3 b6 31.Kg2 Rd5 32.Bf4 Rxe5 33.Bxe5 Rd8 34.h4 Nd5 35.a3 Rd7 36.Rc1 c5
37.Re1 Ne7 38.Bc3 Nc6 39.Nf3 Nd4 40.Re5 g6 41.Ng5  1/2-1/2

[Event "Chennai WGM 2013"]
[Site "Chennai IND"]
[Date "2013.11.13"]
[Round "10.4"]
[White "Meenakshi,Sub"]
[Black "Ivakhinova,I"]
[Result "1-0"]
[WhiteElo "2240"]
[BlackElo "2315"]

1.Nf3 d5 2.g3 Bg4 3.Bg2 Nd7 4.h3 Bh5 5.d3 Ngf6 6.Nbd2 e5 7.g4 Bg6 8.Nh4 c6
9.e3 Bd6 10.Nxg6 hxg6 11.c4 Nc5 12.Nb3 Ne6 13.Bd2 Qe7 14.cxd5 Nxd5 15.a3 Rd8
16.Qc2 Bc7 17.O-O-O Qd6 18.Kb1 c5 19.d4 cxd4 20.exd4 exd4 21.Bc1 Bb6 22.h4 Nf6
23.g5 Ng4 24.Qe2 Ne5 25.f4 Nc6 26.h5 Kd7 27.hxg6 fxg6 28.Qe4 Rxh1 29.Rxh1 Nf8
30.Bh3+ Kc7 31.f5 Qe7 32.Bf4+ Rd6 33.Qxe7+ Nxe7 34.f6 gxf6 35.gxf6 Nf5 36.Bxf5 gxf5
37.f7 Kd7 38.Rh8 Re6 39.Rxf8 Ke7 40.Re8+ Kxf7 41.Rxe6 Kxe6 42.Kc2 Kd5 43.Kd3 Bd8
44.Nxd4 Bf6 45.Be3 f4 46.Bf2 a6 47.b3 b5 48.Nc2 Bb2 49.Be1 Kc5 50.Ke4 Bc1
51.Kd3 Kd5 52.Bd2 Bb2 53.Bxf4 Kc5 54.Bd2 Kb6 55.Ke4 Kc6 56.Be3 Kd6 57.Bd4 Bc1
58.Bc3 Kc6 59.Kd4 Kd6 60.Bb4+ Kc6 61.Bf8 Bb2+ 62.Ke4 a5 63.Be7 a4 64.b4 Bc1
65.Bc5 Kb7 66.Kd5 Ka6 67.Be3 Bb2 68.Bd4 Bc1 69.Kc5 Bg5 70.Bb2 Be7+ 71.Kc6 Bg5
72.Ne1 Be3 73.Nd3  1-0

[Event "Chennai WGM 2013"]
[Site "Chennai IND"]
[Date "2013.11.14"]
[Round "11.1"]
[White "Gomes,Mary"]
[Black "Tsatsalashvili,K"]
[Result "1/2-1/2"]
[WhiteElo "2414"]
[BlackElo "2266"]

1.Nf3 d5 2.g3 Nf6 3.Bg2 c5 4.O-O Nc6 5.c4 d4 6.e3 e5 7.exd4 exd4 8.d3 Be7
9.Bf4 O-O 10.Ne5 Nxe5 11.Bxe5 Nd7 12.Bf4 Bg5 13.Bd6 Be7 14.Bxe7 Qxe7 15.Re1 Qd6
16.Qe2 Nf6 17.Qe5 Qxe5 18.Rxe5 Re8 19.Rxe8+ Nxe8 20.Nd2 Rb8 21.Re1 Kf8 22.Ne4 b6
23.Ng5 Bf5 24.Be4 Bxe4 25.Nxe4 Rd8 26.f4 Nd6 27.Nxd6 Rxd6 28.Kg2 Rd7 29.Kf3 Re7
30.Rxe7 Kxe7 31.Ke4 Ke6 32.g4 f6 33.f5+ Kd6 34.h4 a5 35.a4 h6 36.Kf4 Ke7
37.Kf3 Kd7 38.Kf4 Ke7 39.Kf3 Kd7 40.Ke4  1/2-1/2

[Event "IX Chervonograd Cup A 2013"]
[Site "Chervonograd UKR"]
[Date "2013.11.14"]
[Round "7.1"]
[White "Kigel,D"]
[Black "Skawinski,A"]
[Result "0-1"]
[WhiteElo "2310"]
[BlackElo "2309"]

1.Nf3 d5 2.g3 Nf6 3.Bg2 c6 4.O-O e6 5.d3 Nbd7 6.Nbd2 Bd6 7.e4 O-O 8.Qe2 Qc7
9.Nh4 Re8 10.f4 dxe4 11.dxe4 e5 12.f5 b5 13.Ndf3 a5 14.Ne1 b4 15.g4 Ba6 16.Nd3 h6
17.Rd1 c5 18.c3 Rad8 19.g5 hxg5 20.Bxg5 Be7 21.Rac1 c4 22.Nf2 Nc5 23.Rxd8 Rxd8
24.Rf1 Nd3 25.Nh3 bxc3 26.bxc3 Rb8 27.Qf3 Rb2 28.Qg3 Qb6+ 29.Kh1 Bb7 30.Ng6 fxg6
31.Bxf6 Qxf6 32.fxg6 Qxf1+  0-1

[Event "23rd World Seniors 2013"]
[Site "Opatija CRO"]
[Date "2013.11.14"]
[Round "3.31"]
[White "Weisenburger,H"]
[Black "Frick,C"]
[Result "0-1"]
[WhiteElo "2141"]
[BlackElo "2254"]

1.Nf3 d5 2.g3 Nf6 3.Bg2 c6 4.c4 e6 5.O-O Be7 6.d4 Nbd7 7.Qc2 O-O 8.cxd5 exd5
9.Nh4 Re8 10.Nf5 Bf8 11.Nc3 Nb6 12.b3 Be6 13.Nh4 Qd7 14.f3 Rac8 15.Bg5 Be7
16.Qd2 c5 17.e3 cxd4 18.exd4 Bb4 19.Rac1 Qc6 20.Bxf6 gxf6 21.Nxd5 Nxd5  0-1

[Event "Chinese Teams 2013"]
[Site "Shijiazhuang CHN"]
[Date "2013.11.14"]
[Round "18.1"]
[White "Ding Yixin"]
[Black "Munguntuul,B"]
[Result "1-0"]
[WhiteElo "2428"]
[BlackElo "2449"]

1.Nf3 d5 2.g3 Nf6 3.Bg2 c6 4.O-O Bg4 5.c4 Nbd7 6.cxd5 cxd5 7.Qb3 Qb6 8.Qxb6 Nxb6
9.h3 Bd7 10.Nc3 e6 11.Ne5 Bd6 12.Nxd7 Kxd7 13.d3 Rac8 14.a4 Ke7 15.a5 Nbd7
16.a6 bxa6 17.Rxa6 Bc5 18.Bd2 Nb8 19.Ra5 Bb6 20.Rb5 Nc6 21.Na4 Nd4 22.Nxb6 axb6
23.Rb4 Nc2 24.Rxb6 Rb8 25.Ra6 Nd4 26.Ra7+ Nd7 27.Kh1 Rhc8 28.e3 Nc6 29.Ra3 Rxb2
30.Bc3 Rc2 31.Bxg7 f6 32.Bh6 Rb8 33.g4 Rbb2 34.Kg1 Nc5 35.Bf4 Rd2 36.d4 Nd3
37.Bg3 Kf7 38.Rc3 Na5 39.Rc7+ Kg6 40.h4 Nc4 41.h5+ Kh6 42.Bh3 Rb6 43.Ra1 f5
44.Raa7 Rb1+ 45.Kh2 fxg4 46.Rxh7+ Kg5 47.Rag7+ Kf5 48.Rxg4 Rxf2+ 49.Bxf2 Rh1+
50.Kxh1 Nxf2+ 51.Kg2 Nxg4 52.Rf7+ Kg5 53.Rg7+  1-0

[Event "World Seniors w 2013"]
[Site "Opatija CRO"]
[Date "2013.11.15"]
[Round "4.3"]
[White "Bogumil,T"]
[Black "Titorenko,N"]
[Result "1/2-1/2"]
[WhiteElo "2074"]
[BlackElo "2143"]

1.Nf3 d5 2.g3 Nf6 3.Bg2 Bf5 4.c4 c6 5.b3 e6 6.Bb2 Be7 7.O-O Nbd7 8.d3 h6
9.Nbd2 O-O 10.Re1 Bh7 11.a3 a5 12.Ra2 Qb6 13.h3 Bc5 14.d4 Be7 15.e3 Rfc8
16.Ne5 Nxe5 17.dxe5 Nd7  1/2-1/2

[Event "23rd World Seniors 2013"]
[Site "Opatija CRO"]
[Date "2013.11.15"]
[Round "4.74"]
[White "Haupt,J"]
[Black "Andersson,Ka"]
[Result "1/2-1/2"]
[WhiteElo "1870"]
[BlackElo "2062"]

1.Nf3 d5 2.g3 c5 3.Bg2 Nc6 4.O-O Nf6 5.c4 e6 6.d3 Be7 7.b3 O-O 8.cxd5 exd5
9.Bb2 Re8 10.Nbd2 Bf5 11.d4 Rc8 12.Rc1 Qa5 13.dxc5 Qxa2 14.Bc3 Qa6 15.Re1 Ne4
16.Nxe4 Bxe4 17.b4 b6 18.Ra1 Qc4 19.Rc1 bxc5 20.bxc5 Qb5 21.Nd4 Nxd4 22.Bxe4 dxe4
23.Qxd4 Bf6 24.Qe3 Qxc5 25.Qxc5 Rxc5 26.Bxf6 Rxc1 27.Rxc1 gxf6 28.Rc7 a5
29.Ra7 Re5 30.h4 Kg7 31.Kg2 Kg6 32.Kh3 f5 33.Kg2 Rb5 34.e3 Rc5 35.Ra6+ Kg7
36.Ra7 Kf6 37.Ra6+ Ke7 38.Ra7+ Ke6 39.Ra6+ Kd5 40.h5 Kc4 41.h6 Kb3 42.Rb6+ Kc3
43.Rb7 a4 44.Rxf7 a3 45.Rxh7 Ra5 46.Rg7 Ra6 47.h7 Rh6 48.Ra7 Kb2 49.Rb7+ Kc2
50.Ra7 Kb2 51.Rb7+  1/2-1/2

[Event "23rd World Seniors 2013"]
[Site "Opatija CRO"]
[Date "2013.11.15"]
[Round "4.59"]
[White "Norman,K"]
[Black "Strohbusch,Frank"]
[Result "1-0"]
[WhiteElo "2173"]
[BlackElo "1855"]

1.Nf3 d5 2.g3 c6 3.Bg2 e6 4.O-O Bd6 5.d3 Nf6 6.Nbd2 O-O 7.e4 Nbd7 8.b3 Re8
9.Bb2 e5 10.Re1 d4 11.Nh4 g6 12.Rf1 Nh5 13.Nc4 Bc7 14.Bf3 Ng7 15.a4 Nb6 16.Nd2 a5
17.Bg4 Ne6 18.Ng2 Ng7 19.Bxc8 Rxc8 20.f4 f5 21.fxe5 Bxe5 22.exf5 Nxf5 23.Ne4 Nd5
24.Qd2 Nde3 25.Rf2 b6 26.Re1 c5 27.Rfe2 Kg7 28.Qc1 Qe7 29.Qa1 Rc6 30.Nd2 Qg5
31.Nf3 Qf6 32.Nxe5 Nxc2 33.Rxc2 Rxe5 34.Rxe5 Qxe5 35.Rf2  1-0

[Event "23rd World Seniors 2013"]
[Site "Opatija CRO"]
[Date "2013.11.15"]
[Round "4.32"]
[White "Medancic,R"]
[Black "Samartsev,A"]
[Result "0-1"]
[WhiteElo "2244"]
[BlackElo "2160"]

1.Nf3 d5 2.g3 c6 3.Bg2 Bf5 4.O-O h6 5.c4 e6 6.d3 Nf6 7.Nbd2 Be7 8.b3 O-O
9.Bb2 Nbd7 10.Re1 Bh7 11.Qc2 Rc8 12.Qc3 a5 13.a3 b5 14.Qc1 Qb6 15.h3 Rfd8
16.Ne5 Nxe5 17.Bxe5 Nd7 18.Bb2 Rb8 19.Rb1 Bd6 20.Nf3 dxc4 21.bxc4 b4 22.axb4 axb4
23.Bd4 Bc5 24.Qe3  0-1

[Event "23rd World Seniors 2013"]
[Site "Opatija CRO"]
[Date "2013.11.15"]
[Round "4.20"]
[White "Berkovich,M"]
[Black "Furman,Bo"]
[Result "1/2-1/2"]
[WhiteElo "2357"]
[BlackElo "2194"]

1.Nf3 d5 2.g3 Nf6 3.Bg2 e6 4.O-O b5 5.d4 Bb7 6.b3 Nbd7 7.c4 bxc4 8.bxc4 dxc4
9.Qc2 Be7 10.Nbd2 O-O 11.Nxc4 c5 12.Bb2  1/2-1/2

[Event "23rd World Seniors 2013"]
[Site "Opatija CRO"]
[Date "2013.11.16"]
[Round "5.69"]
[White "Zhelesny,S"]
[Black "Trtanj,Z"]
[Result "1/2-1/2"]
[WhiteElo "2109"]
[BlackElo "1986"]

1.Nf3 d5 2.g3 c6 3.Bg2 e6 4.d4 f5 5.O-O Nf6 6.Nbd2 Nbd7 7.c4 Be7 8.b3 O-O
9.Bb2 Ne4 10.e3 Nxd2 11.Nxd2 Nf6 12.Qc2 Ne4 13.Rae1 Bd7 14.Nf3 Be8 15.Ne5 Bh5
16.Rc1  1/2-1/2

[Event "23rd World Seniors 2013"]
[Site "Opatija CRO"]
[Date "2013.11.16"]
[Round "5.5"]
[White "Sorensen,B"]
[Black "Vasiukov,E"]
[Result "0-1"]
[WhiteElo "2247"]
[BlackElo "2457"]

1.Nf3 d5 2.g3 c6 3.Bg2 Nf6 4.O-O Bg4 5.d3 e6 6.Nbd2 a5 7.e4 Qb6 8.Qe1 Na6
9.a3 Bh5 10.Nb3 a4 11.Be3 Nc5 12.Nxc5 Bxc5 13.Bxc5 Qxc5 14.c3 dxe4 15.dxe4 e5
16.Nh4 Bg4 17.Kh1 g5 18.Nf5 Bxf5 19.exf5 O-O-O 20.Qc1 h6 21.Qc2 Qc4 22.Rfe1 Rhe8
23.Bf1 Qd5+ 24.Kg1 e4 25.Rab1 Qxf5 26.b3 Nd7 27.Bg2 Nc5 28.b4 Nd3 29.Re2 Kc7
30.c4 Rd4 31.b5 Qc5 32.Bxe4 Nxf2 33.Rxf2 Rxc4 34.b6+ Kb8 35.Qd3 Rcxe4 36.Kg2 Re3
37.Qd7 R3e7 38.Qd3 Qd5+ 39.Qxd5 cxd5 40.Rb4 Rd7 41.Rxa4 d4 42.Rd2 d3 43.Kf3 Rd6
44.Rb4 h5 45.Rb3 Rf6+ 46.Kg2 Re2+ 47.Rxe2 dxe2 48.Re3 Rxb6 49.Rxe2 Rb3 50.Re7 Rxa3
51.Rxf7 Ra2+ 52.Kg1 Ra5 53.Rh7 g4 54.h3 Re5 55.Rg7 Re1+ 56.Kh2 Re2+ 57.Kh1 gxh3
58.g4 hxg4 59.Rxg4 Re3 60.Rb4 Kc7 61.Rb1 Rc3  0-1

[Event "World Seniors w 2013"]
[Site "Opatija CRO"]
[Date "2013.11.16"]
[Round "5.3"]
[White "Titorenko,N"]
[Black "Melashvili,N"]
[Result "0-1"]
[WhiteElo "2143"]
[BlackElo "2126"]

1.Nf3 d5 2.g3 Nc6 3.d4 Bf5 4.Bg2 Qd7 5.h3 Nf6 6.c4 dxc4 7.g4 Bg6 8.O-O Rd8
9.Nc3 a6 10.Be3 e6 11.Qa4 Nb4 12.Qxd7+ Nxd7 13.Nd2 b5 14.a4 c6 15.axb5 cxb5
16.Ra5 Bd6 17.Na2 Nb8 18.Ne4 Bc7 19.Ra3 Nc2 20.Nc5 Nxa3 21.bxa3 O-O 22.Nb4 a5
23.Nc6 Nxc6 24.Bxc6 b4 25.axb4 axb4 26.Na6 Bd6 27.Bc1 c3 28.e4 Ra8 29.Bxa8 Rxa8
30.Nc5 Bxc5 31.dxc5 Bxe4 32.f3 Bd5 33.Kg2 b3  0-1

[Event "4th Brno Open 2013"]
[Site "Brno CZE"]
[Date "2013.11.17"]
[Round "2.7"]
[White "Vorobyov,Y"]
[Black "Pultorak,Jan"]
[Result "1-0"]
[WhiteElo "2226"]
[BlackElo "1908"]

1.Nf3 d5 2.g3 c6 3.Bg2 Bg4 4.O-O e6 5.d3 Nf6 6.Nbd2 Nbd7 7.e4 dxe4 8.dxe4 Ne5
9.Qe2 Qc7 10.h3 Bxf3 11.Nxf3 Bd6 12.Nd2 Ned7 13.f4 e5 14.f5 Nb6 15.c3 O-O-O
16.a4 Nbd7 17.b4 a5 18.Rb1 Nb6 19.Qd1 Nc4 20.Nxc4 Bc5+ 21.bxc5 Rxd1 22.Rxd1 Rd8
23.Rxd8+ Qxd8 24.Nd6+ Kb8 25.Rxb7+ Ka8 26.Rxf7 Qb8 27.Rb7 Qg8 28.Bg5 Qa2
29.Rxg7 Nh5 30.Rxh7 Nxg3 31.Rh8+ Ka7 32.Bd8 Qb1+ 33.Kh2 Nf1+ 34.Bxf1 Qxf1
35.Bb6+ Ka6 36.Ra8+  1-0

[Event "4th Brno Open 2013"]
[Site "Brno CZE"]
[Date "2013.11.17"]
[Round "2.17"]
[White "Strebkovs,A"]
[Black "Potapova,Tatiana"]
[Result "1-0"]
[WhiteElo "2324"]
[BlackElo "1622"]

1.Nf3 d5 2.g3 c5 3.Bg2 e6 4.d4 Nf6 5.O-O Nc6 6.b3 b6 7.c4 Bb7 8.Bb2 Be7 9.cxd5 exd5
10.Nc3 O-O 11.a3 Re8 12.e3 Bf8 13.Qc2 cxd4 14.exd4 g6 15.Rad1 Bg7 16.b4 a6
17.Qb3 b5 18.Bc1 Qd7 19.Bf4 Ne7 20.Ne5 Qd8 21.Rfe1 Qb6 22.Bg5 Rad8 23.g4 h6
24.Be3 Bc8 25.h3 Be6 26.Qb1 Nd7 27.Ne2 Qb8 28.Nxd7 Bxd7 29.Nf4 Bc6 30.Nd3 Qa8
31.Nc5 g5 32.Rc1 a5 33.Nd3 f5 34.gxf5 Nxf5 35.Ne5 Bxe5 36.Qxf5 Bg7 37.Qg6 Rc8
38.Rxc6 Qxc6 39.Qxc6 Rxc6 40.Bxd5+ Rce6 41.Bd2 Kf7 42.bxa5 Bxd4 43.Bxe6+ Rxe6
44.Be3 Bb2 45.a6  1-0

[Event "4NCL 2013-14"]
[Site "Hinckley ENG"]
[Date "2013.11.17"]
[Round "2.144"]
[White "Harvey,Marcus R"]
[Black "Ansell,S"]
[Result "1/2-1/2"]
[WhiteElo "2267"]
[BlackElo "2382"]

1.g3 d5 2.Nf3 Nf6 3.Bg2 g6 4.c4 c6 5.b3 Bg7 6.Bb2 O-O 7.O-O Bg4 8.h3 Bxf3
9.Bxf3 d4 10.d3 e5 11.b4 a5 12.Qa4 Nbd7 13.b5 Nc5 14.Qa3 Qd6 15.Nd2 Nfd7
16.Rab1 Rfe8 17.Bc1 Bf8 18.Qb2 Qe6 19.Qc2 cxb5 20.Rxb5 Qxh3 21.Bg2 Qh5 22.Ne4 Nxe4
23.Bxe4 Nf6 24.Kg2 Nxe4 25.dxe4 Qg4 26.Rxb7 Rac8 27.Rb5 Rc5 28.Rxc5 Bxc5
29.f3 Qe6 30.Bd2 Rc8 31.Qb3 h5 32.Bxa5 Qa6 33.Bd2 Bd6 34.Rc1 Rb8 35.Qc2 Ba3
36.Rb1 Rxb1 37.Qxb1 Qxc4 38.Kf1 Bf8 39.Qb3 Qc8 40.Kg2 Qa6 41.Kf1 Qc8 42.Kg2 Qa6
43.Kf1  1/2-1/2

[Event "10th European Teams w"]
[Site "Warsaw POL"]
[Date "2013.11.17"]
[Round "9.6"]
[White "Moser,E"]
[Black "Alexandrova,O"]
[Result "1-0"]
[WhiteElo "2434"]
[BlackElo "2427"]

1.g3 d5 2.Nf3 Nf6 3.Bg2 Bg4 4.c4 c6 5.cxd5 Bxf3 6.Bxf3 cxd5 7.O-O e6 8.d3 Be7
9.Nc3 Nc6 10.Bg2 O-O 11.Bd2 Rc8 12.a3 a6 13.b4 b5 14.Na2 Nd7 15.Nc1 Nb6 16.Nb3 Na4
17.d4 Nb2 18.Qb1 Nc4 19.Rd1 a5 20.bxa5 Bxa3 21.e4 b4 22.exd5 exd5 23.a6 Re8
24.Bf4 Ra8 25.Nc5 Ne7 26.h4 Ng6 27.Bg5 Qd6 28.Qf5 Nb6 29.h5 Ne7 30.Qg4 h6
31.Bf4 Qf6 32.Rab1 Ra7 33.Bf1 Nc4 34.Bg2 Nb6 35.Qe2 Raa8 36.Qb5 Nc4 37.Qd7 Red8
38.Qg4 Bb2 39.Bc1 Bxc1 40.Rbxc1 Qb6 41.Rb1 Na5 42.Bf1 Nac6 43.Rb3 Rdc8 44.Re3 Qc7
45.Rde1 Rd8 46.Bd3 Kf8 47.Rf3 Kg8 48.Rxf7 Kxf7 49.Ne6 Qd6 50.Qxg7+ Ke8 51.Nc5 Qxc5
52.dxc5 Kd7 53.Bb5 Re8 54.Qxh6  1-0

[Event "23rd World Seniors 2013"]
[Site "Opatija CRO"]
[Date "2013.11.18"]
[Round "6.36"]
[White "Lind,JO"]
[Black "McLaren,B"]
[Result "1-0"]
[WhiteElo "2238"]
[BlackElo "2158"]

1.Nf3 d5 2.g3 c6 3.Bg2 Bg4 4.d3 e6 5.O-O Nd7 6.Nbd2 Ngf6 7.b3 Be7 8.Bb2 a5
9.a3 b5 10.h3 Bh5 11.Qe1 O-O 12.e4 Bxf3 13.Nxf3 Nb6 14.Nd4 Qd7 15.e5 Ne8
16.h4 c5 17.Ne2 Ra7 18.Bh3 Nc7 19.Nf4 d4 20.Qe4 Nbd5 21.Ng2 Nc3 22.Qg4 N7d5
23.Rfe1 a4 24.Bc1 Kh8 25.h5 h6 26.Nh4 b4 27.Ng6+ fxg6 28.hxg6 Rf5 29.Bxh6 axb3
30.cxb3 bxa3 31.Bc1 a2 32.Bg2 Qd8 33.Bxd5 Nxd5 34.Kg2 Nf6 35.exf6 Qd5+ 36.f3 Bxf6
37.Re4 Qxb3 38.Qh3+ Kg8 39.Qxf5  1-0

[Event "Chennai GM Open 2013"]
[Site "Chennai IND"]
[Date "2013.11.19"]
[Round "6.15"]
[White "Sangma,R"]
[Black "Shyam,SM"]
[Result "0-1"]
[WhiteElo "2365"]
[BlackElo "2544"]

1.Nf3 d5 2.g3 g6 3.Bg2 Bg7 4.c4 d4 5.O-O e5 6.b4 e4 7.Ne1 d3 8.Nc3 Bg4 9.f3 Be6
10.e3 Bxc3 11.dxc3 Bxc4 12.Bd2 Nc6 13.fxe4 Nf6 14.Nf3 Qe7 15.e5 Nd7 16.Nd4 Ndxe5
17.Qa4 Qd7 18.Nxc6 bxc6 19.Rf4 O-O 20.Bxc6 Qxc6 21.Qxc6 Nxc6 22.Rxc4 Ne5
23.Rf4 f5 24.Kg2 c5 25.bxc5 Rab8 26.Rb4 a5 27.Rb3 Nc4 28.Rd1 Rbc8 29.Rb5 Rfe8
30.Kf2 Re5 31.Ke1 g5 32.Rdb1 f4 33.Rb8 Rxb8 34.Rxb8+ Kf7 35.gxf4 gxf4 36.Rb7+ Kg6
37.Rd7 fxe3 38.Bxe3 Rxe3+ 39.Kf2 Re2+ 40.Kg3 d2 41.c6 Re6 42.c7 Rc6  0-1

[Event "ch-VIE w 2013"]
[Site "Ho Chi Minh City VIE"]
[Date "2013.11.19"]
[Round "1.1"]
[White "Hoang Thi Bao Tram"]
[Black "Nguyen,Thi Thu Huyen"]
[Result "1/2-1/2"]
[WhiteElo "2261"]
[BlackElo "2046"]

1.Nf3 d5 2.g3 Nf6 3.Bg2 Bf5 4.O-O e6 5.d3 Bc5 6.c4 c6 7.b3 O-O 8.Bb2 Nbd7
9.Nbd2 Re8 10.Qc2 Qb6 11.h3 Rac8 12.Rac1 Bd6 13.Bxf6 gxf6 14.cxd5 exd5 15.e4 Be6
16.Kh2 Ne5 17.Nxe5 fxe5 18.Nf3 Qd8 19.d4 dxe4 20.Nxe5 f5 21.f3 c5 22.fxe4 cxd4
23.Nc4 Bxc4 24.bxc4 Qg5 25.Qb3 Rc5 26.Rce1 Kh8 27.Qd3 Rg8 28.Rf3 Qg7 29.exf5 Rxf5
30.Ref1 Rg5 31.Kh1 Rxg3 32.Rxg3 Qxg3 33.Qxg3 Rxg3 34.Rd1 Bc5 35.Kh2 Ra3 36.Bxb7 Rxa2+
37.Kg3 Re2 38.Kf4 Kg7 39.Be4 Bd6+ 40.Kf5 Bc5 41.Ke5 a5 42.Kd5 Bb4 43.Rg1+ Kh6
44.Kxd4 a4 45.Rb1 Bf8 46.Rb6+ Kg5 47.Bxh7 a3 48.Bb1 a2 49.Bxa2 Rxa2 50.Rb8 Bg7+
51.Kd5 Rd2+ 52.Kc6 Rc2 53.c5 Bd4 54.Rg8+ Kh5 55.Kd5 Bxc5 56.Rh8+ Kg6 57.Rc8 Rd2+
58.Ke4 Be7 59.Rg8+ Kf7 60.Rg3  1/2-1/2

[Event "ch-VIE 2013"]
[Site "Ho Chi Minh City VIE"]
[Date "2013.11.19"]
[Round "1.5"]
[White "Duong The Anh"]
[Black "Dang,H"]
[Result "1-0"]
[WhiteElo "2348"]
[BlackElo "2078"]

1.Nf3 d5 2.g3 Nf6 3.Bg2 Bf5 4.d3 e6 5.O-O Be7 6.b3 O-O 7.Bb2 h6 8.Nfd2 c6
9.e4 Bg6 10.Qe1 dxe4 11.dxe4 Na6 12.Nc3 Bc5 13.a3 Nc7 14.Rd1 Qe7 15.b4 Bd4
16.Nb3 Bb6 17.Na4 Rfd8 18.c4 Nce8 19.Nxb6 axb6 20.e5 Nd7 21.Qe2 Nc7 22.Rd2 b5
23.cxb5 Nxb5 24.Rfd1 Nb6 25.Rxd8+ Rxd8 26.Rxd8+ Qxd8 27.Nc5 Qa8 28.Nxb7 Qxb7
29.Qxb5 cxb5 30.Bxb7 Nc4 31.Bc1 Nxe5 32.f4 Nc4 33.Bc6 Nd6 34.Kf2 f6 35.Ke2 Kf7
36.Be3 Be4 37.Bxe4 Nxe4 38.Kd3 f5 39.Kc2 Kg6 40.Bd4 Kf7 41.Be3 g5 42.Kb3 e5
43.a4 bxa4+ 44.Kxa4 exf4 45.gxf4 g4 46.b5 Ke6 47.b6 Nd6 48.Ka5 Kd5 49.Ka6 h5
50.Bf2 Kc6 51.Bh4 Kd7 52.Bf6 Kc6 53.Bg5 Kd7 54.Bh4 Kc6 55.Bf6 Kd7 56.b7 Nxb7
57.Kxb7 Kd6 58.Kc8 Kd5 59.Kd7 Ke4 60.Bg5 h4 61.Bxh4 Kxf4 62.Ke6 Ke4 63.Kf6 f4
64.Kg5 g3 65.Bxg3 Kd5  1-0

[Event "ch-VIE 2013"]
[Site "Ho Chi Minh City VIE"]
[Date "2013.11.19"]
[Round "2.6"]
[White "Doan Van Duc"]
[Black "Pham Duc Thang"]
[Result "1-0"]
[WhiteElo "2107"]
[BlackElo "2228"]

1.Nf3 d5 2.g3 c5 3.Bg2 Nc6 4.d4 Nf6 5.O-O e6 6.c4 dxc4 7.Qa4 cxd4 8.Nxd4 Qxd4
9.Bxc6+ Bd7 10.Rd1 Bxc6 11.Qxc6+ bxc6 12.Rxd4 Rd8 13.Rxc4 Rd1+ 14.Kg2 Nd5
15.Rxc6 Kd7 16.Rc2 Bb4 17.Nd2 a5 18.Nc4 Rb8 19.a3 Be1 20.e4 Nf6 21.Re2 Ng4
22.f3  1-0

[Event "23rd World Seniors 2013"]
[Site "Opatija CRO"]
[Date "2013.11.19"]
[Round "7.31"]
[White "Sorensen,B"]
[Black "Altshul,R"]
[Result "1/2-1/2"]
[WhiteElo "2247"]
[BlackElo "2150"]

1.Nf3 d5 2.g3 g6 3.Bg2 Bg7 4.d4 Nf6 5.c4 c6 6.cxd5 cxd5 7.Ne5 O-O 8.Nc3 e6
9.O-O Nfd7 10.f4 Nc6 11.Be3 a6 12.Qa4 Ndxe5 13.dxe5 Bd7 14.Bc5 Re8 15.Qb3 b5
16.Rad1 Qc7 17.e4 d4 18.Ne2 Nxe5 19.Bxd4 Ng4 20.h3 Bxd4+ 21.Rxd4 Nf6 22.Kh2 Red8
23.Rc1 Qb6 24.Rcd1 Bc6 25.Qd3 Rxd4 26.Qxd4 Qxd4 27.Rxd4 Kf8 28.Nc3 Ke8 29.Rd6 Rc8
30.e5 Bxg2 31.Kxg2 Nd5 32.Nxd5 Rc2+ 33.Kf3 exd5 34.Rxa6 Rxb2 35.a4 bxa4 36.Rxa4 h5
37.Rd4 Rb3+ 38.Kf2 h4  1/2-1/2